The Origin and Nature of the Emotions; Miscellaneous Papers (Record no. 230581)
[ view plain ]
| 000 -LEADER | |
|---|---|
| fixed length control field | 01153cam a22002653a 4500 |
| 001 - CONTROL NUMBER | |
| control field | 1233 |
| 003 - CONTROL NUMBER IDENTIFIER | |
| control field | PGUSA |
| 005 - DATE AND TIME OF LATEST TRANSACTION | |
| control field | 20140828082958.0 |
| 008 - FIXED-LENGTH DATA ELEMENTS--GENERAL INFORMATION | |
| fixed length control field | 980301s1998||||xxu|||||s|||||000 | eng d |
| 040 ## - CATALOGING SOURCE | |
| Original cataloging agency | PGUSA |
| Language of cataloging | eng |
| 042 ## - AUTHENTICATION CODE | |
| Authentication code | dc |
| 050 #4 - LIBRARY OF CONGRESS CALL NUMBER | |
| Classification number | QP |
| 050 #4 - LIBRARY OF CONGRESS CALL NUMBER | |
| Classification number | BF |
| 100 1# - MAIN ENTRY--PERSONAL NAME | |
| Personal name | Crile, George Washington, |
| Dates associated with a name | 1864-1943 |
| 245 14 - TITLE STATEMENT | |
| Title | The Origin and Nature of the Emotions; Miscellaneous Papers |
| Medium | [electronic resource] / |
| Statement of responsibility, etc | George Washington Crile |
| 260 ## - PUBLICATION, DISTRIBUTION, ETC. (IMPRINT) | |
| Name of publisher, distributor, etc | Project Gutenberg, |
| Date of publication, distribution, etc | 1998 |
| 505 0# - FORMATTED CONTENTS NOTE | |
| Formatted contents note | Phylogenetic association in relation to certain medical problems -- Phylogenetic association in relation to the emotions -- Pain, laughter, and crying -- The relation between the physical state of the brain-cells and brain functions: experimental and clinical -- A mechanistic view of psychology -- A mechanistic theory of disease -- The kinetic system -- Alkalescence, acidity, anesthesia: a theory of anesthesia. |
| 506 ## - RESTRICTIONS ON ACCESS NOTE | |
| Terms governing access | Public domain in the USA. |
| 516 ## - TYPE OF COMPUTER FILE OR DATA NOTE | |
| Type of computer file or data note | Electronic text |
| 653 ## - INDEX TERM--UNCONTROLLED | |
| Uncontrolled term | Psychophysiology |
| 653 ## - INDEX TERM--UNCONTROLLED | |
| Uncontrolled term | Emotions |
| 830 #0 - SERIES ADDED ENTRY--UNIFORM TITLE | |
| Uniform title | Project Gutenberg |
| Volume number/sequential designation | 1233 |
| 856 40 - ELECTRONIC LOCATION AND ACCESS | |
| Uniform Resource Identifier | <a href="http://www.gutenberg.org/ebooks/1233">http://www.gutenberg.org/ebooks/1233</a> |
| 942 ## - ADDED ENTRY ELEMENTS (KOHA) | |
| Koha item type | eBooks |
| Withdrawn status | Lost status | Damaged status | Home library | Current library | Date acquired | Total Checkouts | Date last seen | Price effective from | Koha item type |
|---|---|---|---|---|---|---|---|---|---|
| Project Gutenberg | Project Gutenberg | 08/28/2014 | 08/28/2014 | 08/28/2014 | eBooks |